000 00625nam a22001937a 4500
003 OSt
005 20260512084427.0
008 260113b |||||||| |||| 00| 0 eng d
040 _aKenya National Library Service
082 _a823.92 PEP
245 _aPeppa's first pet.
300 _a1 volume (unpaged) :
_bchiefly illustrations (colour) ;
_c18 cm
490 _a Peppa Pig.
520 _aPeppa Pig and her family take Goldie the fish to the veterinarian when the pet becomes unwell.
650 _aChildren's stories.
942 _2ddc
_cBK
_n0
999 _c492686
_d492686